Quaestiones de Anima : a newly established edition of the Latin text with an introduction and notes /

Saved in:
Bibliographic Details
Main Author: Thomas, Aquinas, Saint, 1225?-1274
Other Authors: Robb, James Harry, 1918- (ed.)
Format: Book
Language:Latin
Published: Toronto : Pontifical Institute of Mediaeval Studies, 1968.
Series:Studies and texts (Pontifical Institute of Mediaeval Studies) ; 14.
Subjects:
LEADER 01008nam a2200229 i 4500
001 c000011454
003 CARM
005 00000000000000.0
008 810321s1968 cnc 00000 lat d
019 1 |a 5471980  |z 28418956  |5 LACONCORD2021 
035 |a (OCoLC)1105485  |5 LACONCORD2021 
100 0 |a Thomas,  |c Aquinas, Saint,  |d 1225?-1274. 
245 0 0 |a Quaestiones de Anima :  |b a newly established edition of the Latin text with an introduction and notes /  |c edited by James H. Robb. 
260 |a Toronto :  |b Pontifical Institute of Mediaeval Studies,  |c 1968. 
300 |a 282p. 
490 1 |a Studies and texts ;  |v 14 
600 0 0 |a Aristotle.  |t De anima. 
700 1 |a Robb, James Harry,  |d 1918-  |e ed. 
830 0 |a Studies and texts (Pontifical Institute of Mediaeval Studies) ;  |v 14. 
852 8 |b CARM  |h A2:AE01D0  |i C00344  |p 0018957  |f BK 
999 f f |i a53a2fe3-67ef-53a9-83f5-4e7ba9076519  |s b1954b09-1e8e-592a-842f-ad5964529fa4 
952 f f |p Can circulate  |a CAVAL  |b CAVAL  |c CAVAL  |d CARM 1 Store  |e C00344  |f A2:AE01D0  |h Other scheme  |i book  |m 0018957